00510nam a2200145Ia 450000500170000000800410001710000200005824501140007826000100019230000110020265000130021394200070022699900150023395201160024820260328101516.0260328s9999||||xx |||||||||||||| ||und|| aPoirier, René 0aLa epopeya de las Grandes Construcciónes :b de la Torre de Babel a la Ciudad del ÁTomo /cRené Poirier bLabor a468 p. aHISTORIA cBK c9405d9405 001040708GENaGPCbGPCcGENd2026-03-28i3247l0o720.9 P 7556p3247r2026-03-28 15:15:17t1w2026-03-28yBK